LEADER 01565nam a2200313 4500 001 000000348790 003 CaOOAMICUS 005 20211207152519.0 008 211203s2011 it a 000 u ita r 020 $a978-88-430-6061-0 040 $aSeMil$bita 245 00$aInferni temporanei :$bvisioni dell'aldilà dall'estremo Oriente all'estremo Occidente /$ca cura di Maria Chiara Migliore e Samuela Pagani. 264 1$aRoma :$bCarocci,$c2011. 300 $a263 p., [4] carte di tav. :$bill. ;$c22 cm 490 1 $aLingue e letterature Carocci ;$v132 650 4$aInferno - Concezione orientale.$0(OLS)http://semarc/subject/51378 650 4$aInferno - Concezione islamica.$0(OLS)http://semarc/subject/51377 650 4$aInferno - Concezione ebraica.$0(OLS)http://semarc/subject/51376 650 4$aInferno - Concezione cristiana.$0(OLS)http://semarc/subject/51375 700 1 $aMigliore, Maria Chiara.$0(OLS)http://semarc/name/115158 700 1 $aPagani, Samuela.$0(OLS)http://semarc/name/115159 830 0$aLingue e letterature Carocci ;$v132.$0(OLS)http://semarc/title/438260 850 $aSeMil 852 $aSeMil$W1$xVenegono$y1$m2R IV 450$j230415$B239888$CSeMilBibl$Z2$F239888 $81 961 $aCambio - La Scuola cattolica 996 $6020$a978-88-430-6061-0$9(OLS)http://semarc/number/294802 996 $6245$aInferni temporanei :$bvisioni dell'aldilà dall'estremo Oriente all'estremo Occidente$9(OLS)http://semarc/title/438259 996 $6264$aRoma :$bCarocci$9(OLS)http://semarc/publisher/31977 LEADER 01006nam a2200253 i 4500 001 000000040018 003 CaOOAMICUS 005 20081024000000.0 008 081024s1964 xx u000 u fre u 013 $a11176 040 $aSeMil$bita 245 10$aAvant l'exil, 1802-1851 /$cpréface par Gaëtan Picon. 300 $aLXXXIV, 1659 p. 490 0 $aBibliothèque de la pléiade ;$v171 500 $aFondo Ciprandi. 700 1 $aPicon, Gaëtan.$0(OLS)http://semarc/name/15877 700 1 $aHugo, Victor,$d<1802-1885>.$0(OLS)http://semarc/name/1144 773 0 $aHugo, Victor <1802-1885>$tOeuvres poétiques.$d[Paris] : Gallimard, 1964-1974.$kBibliothèque de la Pléiade$g1$w()1297 830 0$aBibliothèque de la Pléiade ;$v171.$0(OLS)http://semarc/title/42418 850 $aSeMil 852 $aSeMil$W1$xVenegono$y1$m1W V 191$j6173$B6173$CSeMilBibl$Z2$F6173 $81 941 1 $a1 961 $aOmaggio: Ciprandi dott. Paolo 996 $6245$aAvant l'exil, 1802-1851$9(OLS)http://semarc/title/57301